00940nam a22002537a 450000500170000001000130001702000220003003500130005203700160006504000120008108200160009310000290010924500970013826000480023527000610028330000200034449000680036465000290043265000280046170000250048994200250051499900190053995201280055820170124105914.0 aA-688945 c00.00a8170224373 aA-688945 bCen Lib/Ret aDPLbEN a016.33bRUO aRoukonen, Kyllikki91960 aIndian Information sources :cby Kyllikki Roukonen [and] Manohar Lalbeconomic and business aNew DelhibConcept Publishing Companyc1992 aA/15-16,Commercial Block,Mohan GardenbNew Delhie110059 a232p.c22cm(Hb) aConcepts in communication informatics and librarianshipvno. 38 aLibrary Science 9105254 aReference Service91962 aLal, Manohar9105255 2ddccENh016.33mROU c122732d122732 001040718REFaLbLd2015-05-29eCen Lib/Retg0.00l0o016.33 ROUpA-688945r2015-05-29 00:00:00t1v0.00w2015-05-29yEN